This may be too hot to handle (Record no. 79519)
[ view plain ]
| 000 -LEADER | |
|---|---|
| fixed length control field | 01132cab a22002055a 4500 |
| 001 - CONTROL NUMBER | |
| control field | L141547 |
| 008 - FIXED-LENGTH DATA ELEMENTS--GENERAL INFORMATION | |
| fixed length control field | 071130e20071103xxk f 000 0 eng d |
| 035 ## - SYSTEM CONTROL NUMBER | |
| System control number | (Sirsi) u141547 |
| 041 0# - LANGUAGE CODE | |
| Language code of text/sound track or separate title | eng |
| 100 1# - MAIN ENTRY--PERSONAL NAME | |
| Personal name | Carter, John |
| 245 00 - TITLE STATEMENT | |
| Title | This may be too hot to handle |
| 260 ## - PUBLICATION, DISTRIBUTION, ETC. | |
| Date of publication, distribution, etc. | 2007 |
| 490 ## - SERIES STATEMENT | |
| Series statement | Estates Gazette |
| Volume/sequential designation | (0744) 3 November 2007, 178(1) |
| 520 ## - SUMMARY, ETC. | |
| Summary, etc. | Identifies significant changes in the sixth edition of the RICS Code of measuring practice. Notes that net internal space will now be reduced by heating units which protrude into a room by more than 25cm. This means rent levels agreed at previous rent reviews may now be inappropriate. Argues that the change is logical in the light of case law such as Kilmartin v Safeway (L133093). Calculates that there are potentially significant changes in terms of capital value. Considers further implications of the code and whether the Valuation Office Agency's code may be modified to follow RICS' example. |
| 590 ## - LOCAL NOTE (RLIN) | |
| Local note | KA |
| 650 24 - SUBJECT ADDED ENTRY--TOPICAL TERM | |
| Topical term or geographic name entry element | RICS CODE OF MEASURING PRACTICE |
| 651 #4 - SUBJECT ADDED ENTRY--GEOGRAPHIC NAME | |
| Geographic name | United Kingdom |
| Chronological subdivision | |
| 690 ## - LOCAL SUBJECT ADDED ENTRY--TOPICAL TERM (OCLC, RLIN) | |
| Topical term or geographic name as entry element | PROPERTY-PROPERTY APPRAISAL AND VALUATION |
| 942 ## - ADDED ENTRY ELEMENTS (KOHA) | |
| Suppress in OPAC | 0 |
| Withdrawn status | Lost status | Source of classification or shelving scheme | Damaged status | Not for loan | Home library | Current library | Shelving location | Date acquired | Total Checkouts | Full call number | Barcode | Date last seen | Copy number | Price effective from | Koha item type |
|---|---|---|---|---|---|---|---|---|---|---|---|---|---|---|---|
| Dewey Decimal Classification | London | London | Journal article | 30/11/2007 | L141547 | 141547-1001 | 06/08/2019 | 1 | 06/08/2019 | Journal article |